Impact of COVID-19 on the Working Environment and "Home Office"

Praća z domu počas pandémie COVID-19 a jej dopad na prácu zamestnancov. Základné výhody a nevýhody zamestnancov vykonávajúcich prácu na pracovisku a zamestnancov vykonávajúcich prácu z domu. Preferencia práce z domu naprieč vybranými sektormi.

Guardado en:
Detalles Bibliográficos
Autor principal: Kopčáková, Janka, 1994-
Formato: Capítulo de libro
Lenguaje:inglés
Materias:
Etiquetas: Agregar Etiqueta
Sin Etiquetas, Sea el primero en etiquetar este registro!

MARC

LEADER 00000naa a2200000 4500
001 0283727
005 20240502074408.8
041 0 |a eng 
044 |a SK 
245 1 0 |a Impact of COVID-19 on the Working Environment and "Home Office"  |c Janka Kopčáková 
520 |a Praća z domu počas pandémie COVID-19 a jej dopad na prácu zamestnancov. Základné výhody a nevýhody zamestnancov vykonávajúcich prácu na pracovisku a zamestnancov vykonávajúcich prácu z domu. Preferencia práce z domu naprieč vybranými sektormi. 
610 2 0 |a prostredie pracovné 
610 2 0 |a manažment personálny 
610 2 0 |a práca z domu 
610 2 0 |a koronavírus 
610 2 0 |a stravovanie zamestnancov 
610 2 0 |a zamestnanci 
610 2 0 |a povinnosti pracovníkov 
100 1 |a Kopčáková, Janka, 1994-